00920nam a22002417a 45000010005000000030009000050050017000140080041000310200015000720400028000870820024001151000020001392450128001592500012002872600057002993000045003565000067004015040051004686500050005196500053005697000027006227000029006493854BD-DhUAP20201126124621.0201126s1996 wiua b 001 0 eng  a0697152561 aDLCcDLCdBD-DhUAPbEng00223a372.370973 MIL 1 aMiller, Dean F.10aHealth education in the elementary & middle-level school /cDean F. Miller, Susan K. Telljohann and Cynthia Wolford Symons. a2nd ed. aMadison, WI :bBrown & Benchmark Publishers,cc1996. axi, 372 pages :billustrations ;c26 cm. aRev. ed. of: Health education in the elementary school. c1992. aIncludes bibliographical references and index. 0aHealth education (Elementary)zUnited States. 0aHealth education (Middle school)zUnited States.1 aTelljohann, Susan Kay.2 aSymons, Cynthia Wolford.